[Event "European Youth Chess Championship B16"]
[Site "Prague, Top Hotel Prague"]
[Date "2016.08.26"]
[Round "8.57"]
[White "Rolinek, Dominik"]
[Black "Pantzar, Milton"]
[Result "0-1"]
[WhiteElo "1753"]
[BlackElo "2135"]
[PlyCount "130"]
[EventDate "2016.08.18"]

1. d4 Nf6 2. c4 c5 3. d5 b5 4. cxb5 a6 5. Bf4 d6 6. e3 g6 7. Nc3 Bg7 8. Be2 O-O
9. Nf3 axb5 10. Bxb5 Ba6 11. Bxa6 Nxa6 12. O-O Qa5 13. e4 Qb4 14. Qc2 Rfb8 15.
Rab1 Nd7 16. Bd2 Qb7 17. a3 Qb3 18. Rfc1 Nc7 19. Be1 Qxc2 20. Rxc2 Nb5 21. Rcc1
Bf6 22. Kf1 Ra7 23. Nxb5 Rxb5 24. b4 Rxa3 25. bxc5 Rxc5 26. Rxc5 Nxc5 27. Nd2
Ra2 28. f3 Nd3 29. Ke2 Nf4+ 30. Kf1 Bc3 31. Rd1 Kg7 32. g3 Nd3 33. Ke2 Nxe1 34.
Kxe1 f5 35. Ke2 Kf6 36. Kd3 Bxd2 37. Rxd2 Ra3+ 38. Kd4 Ra4+ 39. Kd3 Ke5 40. Rf2
Rd4+ 41. Kc3 fxe4 42. fxe4 Rxe4 43. Rf7 Kxd5 44. Rxh7 e5 45. Rg7 Re2 46. Rxg6
Rxh2 47. Kd3 Ra2 48. g4 Ra3+ 49. Ke2 e4 50. g5 Ra8 51. Rg7 Ra2+ 52. Ke3 Ra3+
53. Ke2 Rg3 54. g6 Kd4 55. Rg8 d5 56. Kf2 Rg5 57. g7 e3+ 58. Kf3 Rf5+ 59. Ke2
Rf2+ 60. Ke1 Rg2 61. Kf1 e2+ 62. Kxg2 e1=Q 63. Kf3 Qe3+ 64. Kg2 Qg5+ 65. Kf3
Qf5+ 0-1

[Event "European Youth Chess Championship B16"]
[Site "Prague, Top Hotel Prague"]
[Date "2016.08.26"]
[Round "8.58"]
[White "Jurasek, Vojtech"]
[Black "Piskac, Marek"]
[Result "1/2-1/2"]
[WhiteElo "1859"]
[BlackElo "1711"]
[PlyCount "85"]
[EventDate "2016.08.18"]

1. c4 e5 2. d3 Nf6 3. e3 d5 4. cxd5 Nxd5 5. a3 Nc6 6. Qc2 Be6 7. Nf3 a6 8. Nbd2
Be7 9. b4 O-O 10. Bb2 Bd6 11. Nc4 Qf6 12. d4 exd4 13. Nxd4 Nxd4 14. Bxd4 Qg5
15. g3 Rac8 16. Nd2 Be7 17. Bg2 Rfd8 18. O-O Qh5 19. Rfc1 c6 20. Nb3 Bh3 21.
Bh1 Bf6 22. Bxf6 Nxf6 23. Nc5 Rb8 24. Rd1 Nd5 25. Rd4 Bg4 26. Bg2 b6 27. Nxa6
Rbc8 28. h3 Be6 29. Rad1 Re8 30. Rh4 Qg6 31. Be4 Qf6 32. Bxh7+ Kf8 33. Be4 Kg8
34. Rd4 Red8 35. Bxd5 cxd5 36. Nc7 Bf5 37. Qc3 Rd7 38. Nxd5 Rxc3 39. Nxf6+ gxf6
40. Rdf4 Rd1+ 41. Kh2 Be6 42. a4 f5 43. a5 1/2-1/2

[Event "European Youth Chess Championship B16"]
[Site "Prague, Top Hotel Prague"]
[Date "2016.08.26"]
[Round "8.59"]
[White "Bryker, Oleksandr"]
[Black "Kildea, Robbie"]
[Result "1-0"]
[WhiteElo "1852"]
[BlackElo "1626"]
[PlyCount "137"]
[EventDate "2016.08.18"]

1. e4 d5 2. exd5 Nf6 3. c4 e6 4. dxe6 Bxe6 5. Nf3 Bc5 6. d4 Bb4+ 7. Bd2 Qe7 8.
Ne5 O-O 9. Bxb4 Qxb4+ 10. Qd2 Qe7 11. Bd3 c5 12. O-O cxd4 13. Re1 Qd6 14. Na3
a6 15. Nc2 Nc6 16. Nxc6 bxc6 17. Nxd4 Rfd8 18. Nxe6 Qxd3 19. Qxd3 Rxd3 20. Nc5
Rd2 21. b3 Ng4 22. f3 Nf6 23. Kf1 h6 24. Re2 Rd4 25. Ke1 Rh4 26. h3 Rh5 27. Ne4
Nd7 28. Rd1 Nf8 29. Rd6 Rc8 30. Kd2 Ne6 31. Kc2 c5 32. Red2 Nd4+ 33. Kc3 a5 34.
Ra6 Nxf3 35. gxf3 Rxh3 36. Rd3 f5 37. Nd6 Rf8 38. Rxa5 g5 39. Rxc5 g4 40. Rxf5
g3 41. Rxf8+ Kxf8 42. Rd1 g2 43. Rg1 Rxf3+ 44. Kd2 Rf2+ 45. Ke3 Rxa2 46. b4 Ra4
47. b5 Ke7 48. c5 Ra3+ 49. Kf2 Rc3 50. Ne4 Rc4 51. Re1 Rc2+ 52. Kg1 Kd8 53.
Rd1+ Kc7 54. Rd2 Rc4 55. Re2 Rb4 56. b6+ Kc6 57. Kxg2 Rb3 58. Kf2 h5 59. Re3
Rb2+ 60. Kg3 Kd5 61. Re1 Kc6 62. Rc1 Re2 63. Nf6 Re5 64. Kh4 Re2 65. Kxh5 Rh2+
66. Kg6 Rg2+ 67. Kf7 Rf2 68. Rb1 Kb7 69. c6+ 1-0

[Event "European Youth Chess Championship B16"]
[Site "Prague, Top Hotel Prague"]
[Date "2016.08.26"]
[Round "8.60"]
[White "Nemec, Jakub"]
[Black "Dabos, Doukas Ioannis"]
[Result "1/2-1/2"]
[WhiteElo "1563"]
[BlackElo "1815"]
[PlyCount "31"]
[EventDate "2016.08.18"]

1. d4 d5 2. Nf3 Nf6 3. Bg5 Ne4 4. Bh4 c5 5. dxc5 Nc6 6. Nbd2 Nxc5 7. e3 g6 8.
Nb3 Bg7 9. c3 Ne4 10. Nbd2 Nd6 11. Bd3 Bf5 12. Bxf5 Nxf5 13. Bg3 O-O 14. O-O
Nxg3 15. hxg3 Qb6 16. Nb3 1/2-1/2

[Event "European Youth Chess Championship B16"]
[Site "Prague, Top Hotel Prague"]
[Date "2016.08.26"]
[Round "8.62"]
[White "Havelka, Jonas"]
[Black "Zizka, Petr"]
[Result "0-1"]
[WhiteElo "1624"]
[BlackElo "2010"]
[PlyCount "84"]
[EventDate "2016.08.18"]

1. e4 c5 2. Nf3 d6 3. d4 cxd4 4. Nxd4 Nf6 5. Nc3 a6 6. f3 e6 7. Be3 b5 8. Bd3
Bb7 9. g4 h6 10. a3 Qc7 11. Qe2 Nc6 12. Nxc6 Bxc6 13. Rd1 Be7 14. h4 d5 15.
exd5 Nxd5 16. Nxd5 Bxd5 17. Kf2 Bf6 18. b3 Bc3 19. Kg2 h5 20. g5 O-O 21. Bf2 f5
22. gxf6 Rxf6 23. Be4 Bxe4 24. Qxe4 Raf8 25. Rd3 Bb2 26. Bg3 Qxc2+ 27. Kh3 Bxa3
28. Rh2 Qc8 29. Be5 Rf5 30. Rc3 Qa8 31. Qxa8 Rxa8 32. f4 Rf7 33. Rc6 Rd7 34.
Rg2 Bf8 35. Rg3 Kf7 36. b4 a5 37. bxa5 Rxa5 38. Rb3 b4 39. Rc2 Ra3 40. Rxa3
bxa3 41. Kg3 Rd3+ 42. Kg2 Bd6 0-1

[Event "European Youth Chess Championship B16"]
[Site "Prague, Top Hotel Prague"]
[Date "2016.08.26"]
[Round "8.63"]
[White "Hung, Do"]
[Black "Stastny, Petr"]
[Result "0-1"]
[WhiteElo "1766"]
[BlackElo "1476"]
[PlyCount "76"]
[EventDate "2016.08.18"]

1. e4 e5 2. Nf3 Nc6 3. d4 exd4 4. Bc4 Nf6 5. O-O Bc5 6. e5 d5 7. exf6 dxc4 8.
Re1+ Be6 9. fxg7 Rg8 10. Ng5 Qf6 11. Nxe6 fxe6 12. Qh5+ Kd7 13. Qxc5 Rxg7 14.
Nd2 Rag8 15. g3 Qh4 16. Nf3 Rxg3+ 17. fxg3 Rxg3+ 18. hxg3 Qxg3+ 19. Kh1 Qxf3+
20. Kh2 Qf2+ 21. Kh3 Qxe1 22. Qg5 Ne5 23. Bf4 Qxa1 24. Qxe5 Qf1+ 25. Kg4 Qg2+
26. Bg3 h5+ 27. Kh4 Qh1+ 28. Kg5 Qd5 29. Kxh5 Qxe5+ 30. Bxe5 c5 31. Kg4 Kc6 32.
Kf4 Kd5 33. Bf6 b5 34. a4 bxa4 35. c3 e5+ 36. Kf5 dxc3 37. Bxe5 c2 38. Bf4 c3
0-1

[Event "European Youth Chess Championship B16"]
[Site "Prague, Top Hotel Prague"]
[Date "2016.08.26"]
[Round "8.64"]
[White "Temmerman, Sander"]
[Black "Fleri, Matthew"]
[Result "1/2-1/2"]
[WhiteElo "1659"]
[BlackElo "1276"]
[PlyCount "24"]
[EventDate "2016.08.18"]

1. e4 c5 2. Nf3 g6 3. d4 Bg7 4. Bc4 e6 5. d5 Ne7 6. O-O O-O 7. c3 a6 8. a4 b6
9. Bf4 f5 10. exf5 Nxf5 11. dxe6 dxe6 12. Bg5 Bf6 1/2-1/2

[Event "European Youth Chess Championship B16"]
[Site "Prague, Top Hotel Prague"]
[Date "2016.08.27"]
[Round "9.1"]
[White "Fakhrutdinov, Timur"]
[Black "Mesaros, Florian"]
[Result "1/2-1/2"]
[WhiteElo "2375"]
[BlackElo "2270"]
[PlyCount "237"]
[EventDate "2016.08.18"]

1. e4 e5 2. Nf3 Nc6 3. Bc4 Nf6 4. d3 Be7 5. O-O O-O 6. Re1 d6 7. c3 Na5 8. Bb5
a6 9. Ba4 b5 10. Bc2 c5 11. a4 Bb7 12. d4 Nd7 13. Nbd2 Re8 14. b3 exd4 15. cxd4
Bf6 16. Bb2 Nc6 17. axb5 axb5 18. Qe2 b4 19. Nc4 Rxa1 20. Bxa1 Ba6 21. Qd3 Nxd4
22. Nxd4 Ne5 23. Qd2 cxd4 24. Bxd4 Bxc4 25. bxc4 Nxc4 26. Qxb4 Bxd4 27. Qxc4
Qf6 28. Qe2 h5 29. Qf3 Qxf3 30. gxf3 Rc8 31. Re2 g5 32. Kg2 Kg7 33. h3 Kf6 34.
Bb3 Rc7 35. Rc2 Ra7 36. Ra2 Rb7 37. Bd5 Rc7 38. Ra8 Rc2 39. Ra2 Rc7 40. Ra8 Ke5
41. Ra5 Kf4 42. Ra2 f6 43. Rd2 Be5 44. Be6 Rc3 45. Bf7 h4 46. Bh5 Ra3 47. Bg4
Ra4 48. Be6 Ra5 49. Ra2 Rc5 50. Rd2 Rb5 51. Bd7 Rb4 52. Be6 Bd4 53. Bd7 Ke5 54.
Bc8 Rc4 55. Bd7 Rc7 56. Bg4 Ra7 57. Bc8 Ra8 58. Bd7 Rf8 59. Bg4 Rd8 60. Kf1 Rb8
61. Kg2 Rb4 62. Bd7 Kf4 63. Be6 Be5 64. Bd7 Rb1 65. Be6 Re1 66. Bd7 Rc1 67. Be6
Rc3 68. Bg4 Ra3 69. Kf1 Rxf3 70. Bxf3 Kxf3 71. Rd3+ Kxe4 72. Re3+ Kf4 73. Ke2
d5 74. Rf3+ Ke4 75. Re3+ Kd4 76. Rd3+ Kc4 77. Rf3 d4 78. Rd3 Kd5 79. f3 Bd6 80.
Rd1 Bf4 81. Rd3 Ke5 82. Rd1 Be3 83. Kf1 f5 84. Kg2 Kd5 85. Kf1 Bf4 86. Ke2 Bd6
87. Rd3 Be7 88. Kf2 Bf6 89. Ke2 Ke5 90. Kf2 Be7 91. Ke2 Bb4 92. Kf2 Bc3 93. Ke2
Bb2 94. Rd1 Ba3 95. Kf2 Bb4 96. Rd3 Bd6 97. Ke2 Kd5 98. Kf2 Bg3+ 99. Ke2 Bf4
100. Kf1 Be3 101. Rd1 Kc4 102. Ke2 Kc3 103. Rd3+ Kc4 104. Rd1 Kc5 105. Ra1 Kc4
106. Ra4+ Kd5 107. Ra5+ Ke6 108. Kd3 Kf6 109. Rb5 Bf2 110. Rd5 Ke6 111. Rb5 Bg1
112. Ra5 Be3 113. Rc5 Kf6 114. Rb5 Bf2 115. Rd5 Kg6 116. Rb5 Be3 117. Rd5 Kf6
118. Rc5 Ke6 119. Ra5 1/2-1/2

[Event "European Youth Chess Championship B16"]
[Site "Prague, Top Hotel Prague"]
[Date "2016.08.27"]
[Round "9.2"]
[White "Janik, Igor"]
[Black "Nikitenko, Mihail"]
[Result "1-0"]
[WhiteElo "2303"]
[BlackElo "2394"]
[PlyCount "99"]
[EventDate "2016.08.18"]

1. e4 d6 2. d4 Nf6 3. Nc3 g6 4. Be3 Bg7 5. h3 c6 6. g4 h5 7. g5 Nfd7 8. f4 Nb6
9. Bd3 d5 10. e5 Nc4 11. Bc1 Na6 12. b3 Qa5 13. Nge2 Na3 14. Bxa6 Qxa6 15. Na4
Nb5 16. Nc5 Qa5+ 17. Qd2 Qd8 18. a4 Nc7 19. Qe3 Bf8 20. Ba3 Ne6 21. Nxe6 Bxe6
22. O-O Qd7 23. h4 Bf5 24. Rac1 Be4 25. Rf2 Qg4+ 26. Qg3 Qf5 27. Nc3 e6 28.
Bxf8 Kxf8 29. Kh2 c5 30. dxc5 Rc8 31. b4 a5 32. Nb5 Qg4 33. c3 Ra8 34. Nc7 Rc8
35. Nb5 Ra8 36. Rb2 axb4 37. Rxb4 Rxa4 38. Rxa4 Qe2+ 39. Kg1 Qxb5 40. Rb4 Qxc5+
41. Qf2 Qc6 42. Qb6 Kg7 43. Qxc6 bxc6 44. Ra1 c5 45. Rb5 Rc8 46. Raa5 c4 47.
Kf2 d4 48. cxd4 Bd5 49. Ke3 Rc7 50. Rb8 1-0

[Event "European Youth Chess Championship B16"]
[Site "Prague, Top Hotel Prague"]
[Date "2016.08.27"]
[Round "9.3"]
[White "Hakobyan, Aram"]
[Black "Petrov, Martin"]
[Result "1-0"]
[WhiteElo "2404"]
[BlackElo "2446"]
[PlyCount "63"]
[EventDate "2016.08.18"]

1. d4 Nf6 2. c4 e6 3. Nf3 b6 4. g3 Ba6 5. Qc2 c5 6. d5 exd5 7. cxd5 Bb7 8. e4
Qe7 9. Bg2 Qxe4+ 10. Qxe4+ Nxe4 11. O-O Nd6 12. Re1+ Kd8 13. Bf4 f6 14. Nfd2
Na6 15. Bxd6 Bxd6 16. Nc4 Bb8 17. a3 Be5 18. Nxe5 fxe5 19. Nc3 d6 20. Nb5 Kd7
21. f4 Rae8 22. Bh3+ Ke7 23. fxe5 dxe5 24. Rxe5+ Kd8 25. Rxe8+ Rxe8 26. Nd6 Re7
27. Nxb7+ Rxb7 28. Rf1 Nb8 29. d6 Ke8 30. Bc8 Rf7 31. d7+ Nxd7 32. Rxf7 1-0

[Event "European Youth Chess Championship B16"]
[Site "Prague, Top Hotel Prague"]
[Date "2016.08.27"]
[Round "9.4"]
[White "Sorokin, Aleksey"]
[Black "Bronstein, Or"]
[Result "1-0"]
[WhiteElo "2425"]
[BlackElo "2284"]
[PlyCount "105"]
[EventDate "2016.08.18"]

1. d4 d5 2. c4 e6 3. Nf3 c6 4. Qc2 dxc4 5. e4 b5 6. b3 cxb3 7. axb3 Bb7 8. Bd3
Nf6 9. O-O Nbd7 10. Nc3 Bb4 11. e5 Bxc3 12. Qxc3 Nd5 13. Qe1 Qb6 14. b4 h6 15.
Bd2 O-O-O 16. h4 Rde8 17. h5 Reg8 18. Qb1 Kb8 19. Re1 Nf8 20. Kf1 g6 21. hxg6
fxg6 22. Re4 g5 23. Rg4 Rg7 24. Ra3 Rhg8 25. Ke2 Ng6 26. Bxg6 Rxg6 27. Kf1 R6g7
28. Qc1 Rf7 29. Ne1 Rgf8 30. Nd3 Qd8 31. Kg1 Nb6 32. Be3 Qd5 33. Nc5 Bc8 34. f3
Nc4 35. Rd3 Rh8 36. Bf2 Ka8 37. Qe1 Rhf8 38. Rd1 Kb8 39. Ne4 Qd8 40. Ra1 Rh8
41. Qc3 Qd5 42. Qc2 Nb6 43. Nf6 Qc4 44. Qg6 Qc3 45. Qxf7 Qxa1+ 46. Kh2 h5 47.
Rxg5 Qb2 48. Rg7 Qa2 49. Qc7+ Ka8 50. Qxc6+ Kb8 51. d5 h4 52. Bc5 Rd8 53. Bxb6
1-0

[Event "European Youth Chess Championship B16"]
[Site "Prague, Top Hotel Prague"]
[Date "2016.08.27"]
[Round "9.5"]
[White "Drori, Saar"]
[Black "Tuncer, Tuna"]
[Result "1/2-1/2"]
[WhiteElo "2290"]
[BlackElo "2263"]
[PlyCount "110"]
[EventDate "2016.08.18"]

1. d4 d5 2. Nf3 c6 3. c4 e6 4. Nc3 f5 5. Bf4 Nf6 6. e3 Be7 7. h3 O-O 8. Be2
Nbd7 9. O-O Ne4 10. Nxe4 fxe4 11. Nd2 Bg5 12. Bd6 Rf7 13. Qb3 Nf8 14. Bh2 Bh6
15. Qa3 Qg5 16. Bf4 Rxf4 17. exf4 Qxf4 18. Rad1 Ng6 19. Bh5 Qf6 20. Bxg6 hxg6
21. Rfe1 Bd7 22. Nf1 Rf8 23. Re2 a6 24. Nh2 Bf4 25. Ng4 Qg5 26. Qc3 e5 27. Nxe5
Be6 28. b3 Qh5 29. Rde1 g5 30. cxd5 cxd5 31. b4 Rc8 32. Qa3 g4 33. h4 Qxh4 34.
g3 Qh3 35. b5 Bxe5 36. Qe7 Qh6 37. dxe5 axb5 38. Rb2 d4 39. Qb4 Rc1 40. Rb1
Rxb1 41. Rxb1 Bc4 42. Qc5 e3 43. Qxd4 exf2+ 44. Kxf2 Qh2+ 45. Ke3 Qe2+ 46. Kf4
Qf3+ 47. Kg5 Be6 48. Qf4 Qd3 49. Rf1 Qd8+ 50. Kh5 Qe8+ 51. Kh4 Qd8+ 52. Qg5 Qd3
53. Qh5 Qd8+ 54. Qg5 Qd3 55. Qh5 Qd8+ 1/2-1/2

[Event "European Youth Chess Championship B16"]
[Site "Prague, Top Hotel Prague"]
[Date "2016.08.27"]
[Round "9.6"]
[White "Mirzoyan, David"]
[Black "Sousa, Andre Ventura"]
[Result "1-0"]
[WhiteElo "2294"]
[BlackElo "2411"]
[PlyCount "115"]
[EventDate "2016.08.18"]

1. d4 Nf6 2. c4 g6 3. Nc3 Bg7 4. e4 d6 5. f3 c6 6. Be3 a6 7. c5 O-O 8. Nge2 b5
9. cxb6 Qxb6 10. Qd2 Nbd7 11. Na4 Qd8 12. Nec3 Ne8 13. h4 h5 14. g4 Ndf6 15. e5
dxe5 16. dxe5 Qxd2+ 17. Kxd2 Nd7 18. f4 hxg4 19. Bg2 Rb8 20. Bxc6 Bh6 21. Nd5
Kh7 22. h5 Ng7 23. hxg6+ fxg6 24. Nxe7 Bb7 25. Bxb7 Rxb7 26. f5 Nxf5 27. Nxf5
Rxf5 28. Rxh6+ Kg7 29. Rah1 Nf8 30. e6 Rd5+ 31. Kc2 Rc7+ 32. Nc3 Rh5 33. R6xh5
gxh5 34. Rxh5 Nxe6 35. Rh4 Kf6 36. Rxg4 Ke5 37. Re4+ Kf5 38. Rb4 Rc6 39. Rb6
Rxb6 40. Bxb6 Ke5 41. Kb3 Kd6 42. Kb4 Kc6 43. Ka5 Kb7 44. Na4 Ka8 45. Nc5 Nd4
46. Kxa6 Nc6 47. a3 Na7 48. Nd3 Nc6 49. b4 Ne7 50. Nf4 Nc6 51. Bc5 Na7 52. b5
Nc8 53. b6 Nd6 54. Nd5 Nb7 55. Be7 Kb8 56. Nf4 Ka8 57. Ne6 Kb8 58. Nc5 1-0

[Event "European Youth Chess Championship B16"]
[Site "Prague, Top Hotel Prague"]
[Date "2016.08.27"]
[Round "9.7"]
[White "Macovei, Andrei"]
[Black "Stauskas, Lukas"]
[Result "1-0"]
[WhiteElo "2382"]
[BlackElo "2235"]
[PlyCount "109"]
[EventDate "2016.08.18"]

1. Nf3 c5 2. c4 Nf6 3. Nc3 Nc6 4. d4 cxd4 5. Nxd4 e6 6. g3 Bc5 7. Nb3 Be7 8.
Bg2 d6 9. O-O a6 10. Nd4 Qc7 11. b3 O-O 12. Bb2 Rb8 13. Rc1 Ne5 14. Qd2 Bd7 15.
e4 Rfd8 16. f4 Ng6 17. Kh1 b6 18. Qe2 Be8 19. g4 h6 20. f5 Nf8 21. h4 N6h7 22.
Nf3 Bf6 23. Qf2 Qe7 24. fxe6 fxe6 25. e5 dxe5 26. Ne4 Nd7 27. Qg3 Bg6 28. Rce1
Bxe4 29. Rxe4 Nc5 30. Re2 e4 31. Ne5 Bxe5 32. Bxe5 Rd3 33. Bxb8 Rxg3 34. Bxg3
Nf6 35. b4 Na4 36. a3 Qd8 37. g5 hxg5 38. hxg5 Nh5 39. Be5 Qxg5 40. Rxe4 Nc3
41. Ree1 Qh4+ 42. Kg1 Qxc4 43. Re3 Nd5 44. Ref3 Nhf6 45. Bh3 Kf7 46. Re1 Ne7
47. Bxf6 gxf6 48. Bxe6+ Qxe6 49. Rxe6 Kxe6 50. Kf2 Nd5 51. Ke2 Ke5 52. Kd3 a5
53. bxa5 bxa5 54. Rf1 Nb6 55. Rb1 1-0

[Event "European Youth Chess Championship B16"]
[Site "Prague, Top Hotel Prague"]
[Date "2016.08.27"]
[Round "9.8"]
[White "Radovanovic, Mihajlo"]
[Black "Schroeder, Kevin"]
[Result "1-0"]
[WhiteElo "2374"]
[BlackElo "2286"]
[PlyCount "59"]
[EventDate "2016.08.18"]

1. Nf3 Nf6 2. c4 c5 3. g3 g6 4. Bg2 Bg7 5. O-O O-O 6. d4 d6 7. dxc5 dxc5 8. Ne5
Qb6 9. Nc3 Rd8 10. Qb3 Nbd7 11. Nd3 Nf8 12. Na4 Qxb3 13. axb3 Bg4 14. Ndxc5 b5
15. Bxa8 Rxa8 16. Nc3 b4 17. Nb5 Rc8 18. Be3 Bxe2 19. Rfe1 Bf3 20. Nxa7 Rd8 21.
h3 N6d7 22. Nxd7 Nxd7 23. c5 Ne5 24. Bf4 Nc6 25. Nxc6 Bxc6 26. Ra6 Bf3 27. c6
Rc8 28. c7 e5 29. Rb6 Rxc7 30. Rb8+ 1-0

[Event "European Youth Chess Championship B16"]
[Site "Prague, Top Hotel Prague"]
[Date "2016.08.27"]
[Round "9.9"]
[White "Anaskin, Arsenij"]
[Black "Risting, Eivind Olav"]
[Result "0-1"]
[WhiteElo "2054"]
[BlackElo "2347"]
[PlyCount "60"]
[EventDate "2016.08.18"]

1. e4 c6 2. d4 d5 3. Nc3 dxe4 4. Nxe4 Bf5 5. Ng3 Bg6 6. Nf3 Nf6 7. h4 h6 8. h5
Bh7 9. Bd3 Bxd3 10. Qxd3 e6 11. Bd2 Be7 12. O-O-O Nbd7 13. Qe2 O-O 14. Nf1 b5
15. g4 Nd5 16. Ng3 b4 17. Ne4 Qa5 18. Kb1 Rab8 19. Qd3 c5 20. dxc5 Nxc5 21.
Nxc5 Bxc5 22. Nd4 Bxd4 23. Qxd4 Rfd8 24. Qe5 Rb5 25. Qe1 Rc8 26. b3 Rbc5 27.
Qe4 Qa3 28. Rh3 Ra5 29. Bxb4 Nxb4 30. Rc3 Qxa2+ 0-1

[Event "European Youth Chess Championship B16"]
[Site "Prague, Top Hotel Prague"]
[Date "2016.08.27"]
[Round "9.10"]
[White "Askerov, Marat"]
[Black "Lobanov, Sergei"]
[Result "1/2-1/2"]
[WhiteElo "2302"]
[BlackElo "2450"]
[PlyCount "20"]
[EventDate "2016.08.18"]

1. d4 Nf6 2. c4 e6 3. g3 d5 4. Nf3 Be7 5. Bg2 O-O 6. O-O dxc4 7. Qc2 a6 8. Qxc4
b5 9. Qc2 Bb7 10. Bd2 Be4 1/2-1/2

[Event "European Youth Chess Championship B16"]
[Site "Prague, Top Hotel Prague"]
[Date "2016.08.27"]
[Round "9.11"]
[White "Lazov, Toni"]
[Black "Pechac, Jergus"]
[Result "0-1"]
[WhiteElo "2297"]
[BlackElo "2443"]
[PlyCount "116"]
[EventDate "2016.08.18"]

1. e4 c5 2. Nf3 d6 3. d4 cxd4 4. Nxd4 Nf6 5. Nc3 a6 6. h3 e5 7. Nde2 h5 8. g3
Be6 9. Bg2 Be7 10. Be3 Nbd7 11. b3 Rc8 12. f4 Nc5 13. O-O b5 14. a3 Qc7 15. f5
Bd7 16. Bg5 Bc6 17. Bxf6 Bxf6 18. Nd5 Bxd5 19. Qxd5 Nd7 20. c3 Bg5 21. h4 Be3+
22. Kh1 Nf6 23. Qd3 Bb6 24. a4 Qc5 25. Bf3 O-O 26. axb5 axb5 27. b4 Qc4 28.
Rfd1 Qxd3 29. Rxd3 d5 30. Rxd5 Nxd5 31. exd5 Ra8 32. Rd1 Ra2 33. d6 Rd8 34.
Bxh5 e4 35. Rd5 e3 36. Kg2 Rd2 37. Rxb5 R8xd6 38. c4 Rf6 39. Bf3 g6 40. g4 Bc7
41. h5 gxf5 42. gxf5 Ra6 43. Rc5 Bd6 44. Rc8+ Kg7 45. c5 Be5 46. b5 Raa2 47. b6
Bf4 48. Re8 Rxe2+ 49. Bxe2 Rxe2+ 50. Kf3 Rf2+ 51. Kg4 Bh2 52. h6+ Kxh6 53. Rxe3
Rg2+ 54. Kf3 Rg3+ 55. Kf2 Rxe3 56. Kxe3 Bg1+ 57. Ke4 Bxc5 58. b7 Ba7 0-1

[Event "European Youth Chess Championship B16"]
[Site "Prague, Top Hotel Prague"]
[Date "2016.08.27"]
[Round "9.12"]
[White "Banzea, Alexandru-Bogdan"]
[Black "Costachi, Mihnea"]
[Result "0-1"]
[WhiteElo "2287"]
[BlackElo "2416"]
[PlyCount "54"]
[EventDate "2016.08.18"]

1. c4 Nf6 2. Nc3 e5 3. g3 Bb4 4. Bg2 O-O 5. Nf3 Re8 6. O-O e4 7. Nd4 Nc6 8. Nc2
Bxc3 9. dxc3 d6 10. Ne3 Ne5 11. Qc2 Neg4 12. Nxg4 Bxg4 13. Bg5 Bf5 14. Rad1 h6
15. Rd5 Bh7 16. Bxf6 Qxf6 17. e3 Bf5 18. f4 Bd7 19. Rd4 Re7 20. Bxe4 Rae8 21.
Bxb7 Rxe3 22. Bf3 Bh3 23. Bc6 Qe6 24. f5 Re1 25. Rd1 Qe3+ 26. Qf2 Qxf2+ 27.
Kxf2 R8e2+ 0-1

[Event "European Youth Chess Championship B16"]
[Site "Prague, Top Hotel Prague"]
[Date "2016.08.27"]
[Round "9.13"]
[White "Ayats, Llobera Gerard"]
[Black "Kevlishvili, Robby"]
[Result "0-1"]
[WhiteElo "2290"]
[BlackElo "2409"]
[PlyCount "78"]
[EventDate "2016.08.18"]

1. e4 c5 2. Nf3 d6 3. d4 cxd4 4. Nxd4 Nf6 5. Nc3 a6 6. Bg5 Nbd7 7. f4 g6 8. Qf3
Bg7 9. O-O-O O-O 10. g4 h6 11. Bxf6 Bxf6 12. h4 e5 13. Nb3 exf4 14. Qxf4 Bxh4
15. Qxd6 Qe7 16. Qxe7 Bxe7 17. Be2 Bg5+ 18. Kb1 Ne5 19. Rhg1 Rd8 20. Rxd8+ Bxd8
21. Nc5 Bb6 22. N3a4 Ba7 23. b4 b5 24. Nb2 Nd7 25. Nbd3 Nxc5 26. Nxc5 Bb7 27.
Rd1 Bxc5 28. bxc5 Rc8 29. Bf3 Rxc5 30. Rd7 Bc6 31. Rc7 Rc4 32. Kb2 Bd5 33. Rxc4
Bxc4 34. e5 b4 35. a3 a5 36. axb4 axb4 37. c3 b3 38. Bd1 Kf8 39. Ka3 Ke7 0-1

[Event "European Youth Chess Championship B16"]
[Site "Prague, Top Hotel Prague"]
[Date "2016.08.27"]
[Round "9.14"]
[White "Warmerdam, Max"]
[Black "Roshka, Yevgeniy"]
[Result "1-0"]
[WhiteElo "2372"]
[BlackElo "2285"]
[PlyCount "93"]
[EventDate "2016.08.18"]

1. e4 c5 2. Nf3 d6 3. d4 cxd4 4. Nxd4 Nf6 5. Nc3 g6 6. Be3 Bg7 7. f3 a6 8. Qd2
h5 9. Be2 b5 10. a4 b4 11. Na2 a5 12. c3 bxc3 13. Nxc3 Bb7 14. Bb5+ Nbd7 15.
O-O Rc8 16. Rac1 O-O 17. Nb3 Ne5 18. Qf2 Nfd7 19. Nd5 Bc6 20. Nd4 Nc5 21. Nxc6
Nxc6 22. Rfd1 e6 23. Nb6 Qxb6 24. Rxd6 Qb8 25. Bxc5 Na7 26. Rdd1 Nxb5 27. axb5
Rfd8 28. b6 Bh6 29. Rb1 Qb7 30. Bd6 Qc6 31. Bc7 Rxd1+ 32. Rxd1 Bf8 33. Kh1 Bc5
34. Qc2 Qb5 35. Qd3 Qc6 36. Qc4 Rxc7 37. bxc7 Qxc7 38. Rc1 Qe5 39. Qxc5 Qxb2
40. Qc3 Qb5 41. h3 Qg5 42. Ra1 Kh7 43. Rxa5 Qf4 44. Qe5 Qc1+ 45. Kh2 Qc6 46.
Ra7 Qe8 47. Rb7 1-0

[Event "European Youth Chess Championship B16"]
[Site "Prague, Top Hotel Prague"]
[Date "2016.08.27"]
[Round "9.15"]
[White "Marosi, Levente"]
[Black "Lopez, Mulet Inigo"]
[Result "1/2-1/2"]
[WhiteElo "2274"]
[BlackElo "2343"]
[PlyCount "59"]
[EventDate "2016.08.18"]

1. e4 e6 2. d4 d5 3. Nc3 Nf6 4. Bg5 Bb4 5. e5 h6 6. Bc1 Ne4 7. Qg4 g5 8. Nge2
c5 9. a3 Ba5 10. dxc5 Nc6 11. b4 Nxc3 12. Nxc3 Bc7 13. f4 gxf4 14. Bxf4 Bxe5
15. Bxe5 Nxe5 16. Bb5+ Bd7 17. Bxd7+ Kxd7 18. Qd4 Qg5 19. O-O Rhg8 20. g3 Qh5
21. Ne4 Nf3+ 22. Rxf3 Qxf3 23. Nf6+ Ke7 24. Nxg8+ Rxg8 25. Qe5 Rg5 26. Qd6+ Ke8
27. Qb8+ Ke7 28. Qd6+ Ke8 29. Qb8+ Ke7 30. Qd6+ 1/2-1/2

[Event "European Youth Chess Championship B16"]
[Site "Prague, Top Hotel Prague"]
[Date "2016.08.27"]
[Round "9.16"]
[White "Akhvlediani, Irakli"]
[Black "Laurent-Paoli, Pierre"]
[Result "0-1"]
[WhiteElo "2120"]
[BlackElo "2318"]
[PlyCount "72"]
[EventDate "2016.08.18"]

1. d4 Nf6 2. c4 g6 3. g3 Bg7 4. Bg2 d5 5. cxd5 Nxd5 6. Nf3 Nb6 7. O-O Nc6 8. e3
O-O 9. Nc3 Re8 10. Re1 a5 11. Qe2 a4 12. Rd1 Bg4 13. h3 Bd7 14. Kh2 Qc8 15. Ne4
e5 16. dxe5 Nxe5 17. Nxe5 Rxe5 18. f4 Rb5 19. Nc3 Rh5 20. h4 Bg4 21. Bf3 Bxf3
22. Qxf3 a3 23. Rb1 Rc5 24. Rd3 Qe6 25. Ra1 Rc6 26. e4 axb2 27. Bxb2 Nc4 28.
Bc1 Na3 29. e5 Nc2 30. Rb1 Ne1 31. Qe4 Nxd3 32. Qxd3 Qc4 33. Qxc4 Rxc4 34. Bd2
f6 35. a4 Rd8 36. Be1 f5 0-1

[Event "European Youth Chess Championship B16"]
[Site "Prague, Top Hotel Prague"]
[Date "2016.08.27"]
[Round "9.17"]
[White "Giannoulakis, Lampros"]
[Black "Koziol, Kamil"]
[Result "1/2-1/2"]
[WhiteElo "2317"]
[BlackElo "2276"]
[PlyCount "44"]
[EventDate "2016.08.18"]

1. d4 Nf6 2. c4 e6 3. Nc3 Bb4 4. e3 O-O 5. Bd3 d5 6. Nf3 b6 7. O-O Ba6 8. Qe2
Nbd7 9. a3 Bxc3 10. bxc3 Rc8 11. cxd5 Bxd3 12. Qxd3 exd5 13. a4 c5 14. a5 Qc7
15. axb6 axb6 16. Bd2 c4 17. Qb1 Qc6 18. Qb4 Ra8 19. Qb2 Ne4 20. Rfb1 h6 21.
Be1 Nd6 22. Nd2 Rfe8 1/2-1/2

[Event "European Youth Chess Championship B16"]
[Site "Prague, Top Hotel Prague"]
[Date "2016.08.27"]
[Round "9.18"]
[White "Dobrovoljc, Vid"]
[Black "Goldie, Thomas"]
[Result "1-0"]
[WhiteElo "2306"]
[BlackElo "2193"]
[PlyCount "77"]
[EventDate "2016.08.18"]

1. Nf3 Nf6 2. g3 d5 3. Bg2 c6 4. O-O Bf5 5. c4 e6 6. cxd5 cxd5 7. d3 Nc6 8. Nc3
Bc5 9. Qb3 Qe7 10. Bg5 h6 11. Bxf6 gxf6 12. Rac1 Bg6 13. Nh4 Rd8 14. Nxg6 fxg6
15. e3 a6 16. a3 Ba7 17. d4 Qd7 18. Qc2 f5 19. b4 O-O 20. Qb3 Rc8 21. Nxd5 exd5
22. Bxd5+ Kg7 23. Be6 Qd6 24. Bxc8 Rxc8 25. d5 f4 26. dxc6 fxe3 27. fxe3 Qe7
28. Rf3 bxc6 29. Rcf1 Rc7 30. Qc3+ Kh7 31. Qc4 Kg7 32. Kg2 a5 33. bxa5 h5 34.
R1f2 Kh6 35. Qf7 Qd6 36. Qf8+ Qxf8 37. Rxf8 Bxe3 38. R2f7 Bc5 39. Rh8+ 1-0